000 00445nam a2200169Ia 4500
005 20251016163824.0
008 251016s1966##################000#0#eng##
020 _qpbk
041 _aeng.
082 _a581.9688
_bCRA
100 _aMerxmüller, Hermann
245 _aProdromus einer Flora von Südwestafrika
_b:
_cMerxmüller, Hermann
260 _aLehre
_bCramer
_c1966
300 _av. 25 cm
650 _aBotany - Namibia
942 _cREF
999 _c591992
_d591992